000 00489nam a22001937a 4500
005 20260122162917.0
008 260122b |||||||| |||| 00| 0 eng d
020 _a9789354668234
_c395.00
040 _aMAIN
041 _aEnglish
082 _a363.9
_bJAI
100 _aJain, Rakesh
_926019
245 _aEnergy And Environment Management
260 _aNew Delhi
_bCBS
_c2024
300 _a182
650 _aEnvironment Science
_9310
700 _aGupta, Arvind
_926020
942 _cBK
999 _c60067
_d60067